[Event "ONJK 2018 DE"]
[Site "Borne, Netherlands"]
[Date "2018.08.10"]
[Round "11.1"]
[White "Debunne, Lasse"]
[Black "Van Doren, Frodo"]
[Result "1-0"]
[WhiteElo "1206"]
[BlackElo "876"]
[PlyCount "69"]
[EventDate "2018.??.??"]

1. e4 e5 2. Nf3 Nc6 3. Bc4 Bc5 4. d3 Nf6 5. Nc3 d6 6. h3 Be6 7. Bb3 O-O 8. Ng5
Bxb3 9. axb3 d5 10. exd5 Nxd5 11. Nge4 Be7 12. O-O f5 13. Nxd5 Qxd5 14. Nc3 Qd7
15. f4 Bc5+ 16. Kh1 Rae8 17. Qf3 Nd4 18. Qxb7 Nxc2 19. Rb1 Rb8 20. Qd5+ Qxd5
21. Nxd5 c6 22. Nc3 exf4 23. Bxf4 Rxb3 24. Na4 Bd4 25. Rfc1 Ne3 26. Bxe3 Bxe3
27. Rxc6 Rxd3 28. Rc7 Rfd8 29. Nc3 a5 30. Ra1 Rd2 31. Rb7 Bd4 32. Rxa5 Bxc3 33.
bxc3 Rc2 34. Raa7 Rdd2 35. Rb8+ 1-0

[Event "ONJK 2018 DE"]
[Site "Borne, Netherlands"]
[Date "2018.08.10"]
[Round "11.2"]
[White "De Putter, Sven"]
[Black "Knol, Daniel"]
[Result "1/2-1/2"]
[WhiteElo "1282"]
[BlackElo "1358"]
[PlyCount "94"]
[EventDate "2018.??.??"]

1. e4 e5 2. Nf3 Nc6 3. Bc4 Nf6 4. d4 exd4 5. O-O Bc5 6. Bg5 d6 7. h3 Ne5 8. Bb3
h6 9. Bh4 Ng6 10. Bg3 O-O 11. Nxd4 Nxe4 12. Kh2 Nxg3 13. fxg3 Ne5 14. Nf3 b6
15. Nxe5 dxe5 16. Qh5 Qe7 17. Nc3 Bb7 18. Rae1 Rae8 19. Rf5 Qd7 20. Ref1 Re7
21. Rxe5 Rxe5 22. Qxe5 Bd4 23. Qf4 Bxc3 24. bxc3 c5 25. Bc4 b5 26. Bd3 Qd5 27.
Rf2 c4 28. Bg6 Bc8 29. Be4 Qe6 30. Qf3 Rd8 31. Bf5 Qxf5 32. Qxf5 Bxf5 33. Rxf5
a6 34. Rf2 Re8 35. Kg1 Re3 36. Rf3 Re2 37. Rf2 Re1+ 38. Rf1 Rxf1+ 39. Kxf1 Kf8
40. Ke2 Ke7 41. Ke3 Kd6 42. Kd4 g5 43. Ke4 Ke6 44. g4 a5 45. g3 a4 46. h4 a3
47. Kd4 Kd6 1/2-1/2

[Event "ONJK 2018 DE"]
[Site "Borne, Netherlands"]
[Date "2018.08.10"]
[Round "11.3"]
[White "Froeyman, Hugo"]
[Black "Ang, Rufus"]
[Result "1-0"]
[WhiteElo "1416"]
[BlackElo "1147"]
[PlyCount "63"]
[EventDate "2018.??.??"]

1. e4 e5 2. Nf3 Nf6 3. Nxe5 d6 4. Nf3 Nxe4 5. Qe2 Qe7 6. d3 Nf6 7. Bg5 Bg4 8.
Bxf6 Bxf3 9. Qxe7+ Bxe7 10. Bxe7 Kxe7 11. gxf3 Re8 12. Nc3 Kf8+ 13. Kd2 Nc6 14.
Nd5 Rac8 15. Bh3 Rcd8 16. Nxc7 Re5 17. c4 Nd4 18. Bg2 Nc6 19. Nd5 Nd4 20. Rae1
Rg5 21. Rhg1 Rh5 22. Kc3 Nc6 23. h3 a6 24. f4 Na7 25. Nb6 Ra5 26. a3 Rc5 27.
Bxb7 Rc7 28. Bg2 Nb5+ 29. Kd2 Nd4 30. Nd5 Rb7 31. Kc3 Nc6 32. Nb4 1-0

[Event "ONJK 2018 DE"]
[Site "Borne, Netherlands"]
[Date "2018.08.10"]
[Round "11.4"]
[White "Muntean, Felix"]
[Black "Niemeijer, Léon"]
[Result "0-1"]
[WhiteElo "1310"]
[BlackElo "1112"]
[PlyCount "52"]
[EventDate "2018.??.??"]

1. e4 c5 2. c3 e5 3. d4 cxd4 4. cxd4 exd4 5. Qxd4 Nc6 6. Qd1 Bc5 7. Nc3 Nf6 8.
Bg5 h6 9. Bxf6 Qxf6 10. Nf3 O-O 11. g3 d6 12. Bg2 Bg4 13. Qd3 Ne5 14. Qe2 Nxf3+
15. Kd1 Ne5 16. f3 Bxf3 17. Bxf3 Qxf3 18. Rf1 Qxe2+ 19. Kxe2 Bd4 20. Nb5 Nc6
21. Nxd6 Rad8 22. Nxb7 Rd7 23. Rac1 Rxb7 24. Rxc6 Rxb2+ 25. Kd3 Rd8 26. Ra6
Bb6+ 0-1

[Event "ONJK 2018 DE"]
[Site "Borne, Netherlands"]
[Date "2018.08.10"]
[Round "11.5"]
[White "Salomons, Matthijs"]
[Black "Cappan, Pjotr"]
[Result "0-1"]
[WhiteElo "1260"]
[BlackElo "1422"]
[PlyCount "102"]
[EventDate "2018.??.??"]

1. d4 d5 2. c4 e6 3. Nc3 Be7 4. Nf3 Nf6 5. Bg5 h6 6. Bh4 O-O 7. e3 b6 8. Be2
Bb7 9. O-O Nbd7 10. Qc2 c5 11. cxd5 Nxd5 12. Bxe7 Qxe7 13. Nxd5 exd5 14. Rfe1
Rac8 15. Qa4 a6 16. Qa3 Rfe8 17. dxc5 bxc5 18. Qb3 Nf6 19. Nh4 Rc7 20. Nf5 Qe5
21. Qb6 Rec8 22. Nd6 Rc6 23. Nxc8 Rxb6 24. Nxb6 Qxb2 25. Na4 Qa3 26. Rab1 Bc6
27. Nb6 c4 28. Nc8 Qxa2 29. Ne7+ Kh7 30. Nxc6 Ne4 31. Nb4 Qd2 32. Kf1 a5 33.
Red1 axb4 34. Rxd2 Nxd2+ 35. Ke1 Nxb1 36. Bf3 Nc3 37. Kd2 Ne4+ 38. Kc2 Kg6 39.
h4 Kf6 40. g4 Ke5 41. g5 hxg5 42. hxg5 Nxf2 43. Kb2 Ne4 44. g6 f5 45. Bd1 Nc5
46. Bc2 Nd3+ 47. Kb1 b3 48. Bd1 Ke4 49. Bh5 c3 50. Bd1 c2+ 51. Bxc2 bxc2+ 0-1

[Event "ONJK 2018 DE"]
[Site "Borne, Netherlands"]
[Date "2018.08.10"]
[Round "11.6"]
[White "Adema, Wessel"]
[Black "De Rooij, Kevin"]
[Result "0-1"]
[WhiteElo "1181"]
[BlackElo "1188"]
[PlyCount "86"]
[EventDate "2018.??.??"]

1. d4 d5 2. c4 e6 3. Nc3 Nf6 4. Nf3 Nbd7 5. Bg5 Be7 6. e3 c5 7. dxc5 Nxc5 8.
cxd5 Nxd5 9. Bxe7 Nxe7 10. Qxd8+ Kxd8 11. O-O-O+ Bd7 12. Ne5 Rf8 13. Bb5 Nc6
14. Nxc6+ bxc6 15. Bxc6 Rc8 16. Bxd7 Nxd7 17. Kb1 Ke7 18. Nb5 a6 19. Nd4 Nc5
20. f3 Rc7 21. Rc1 Rfc8 22. Rhd1 e5 23. Nf5+ Kf6 24. e4 g6 25. Rxc5 Rxc5 26.
Rd6+ Kg5 27. h4+ Kf4 28. b4 Rc1+ 29. Kb2 gxf5 30. Rf6 R1c2+ 31. Kb3 Rxg2 32.
Rxf5+ Ke3 33. Rxf7 Rg3 34. Rxh7 Kxf3 35. Ra7 Kxe4+ 36. Ka4 Rcc3 37. Rxa6 Ra3+
38. Kb5 Rxa6 39. Kxa6 Kd5 40. b5 Kc5 41. b6 Rg6 42. h5 Rxb6+ 43. Ka7 Rh6 0-1

[Event "ONJK 2018 DE"]
[Site "Borne, Netherlands"]
[Date "2018.08.10"]
[Round "11.7"]
[White "Malfliet, Alexander"]
[Black "Wieggers, Wouter"]
[Result "1-0"]
[WhiteElo "1445"]
[BlackElo "1102"]
[PlyCount "53"]
[EventDate "2018.??.??"]

1. e4 d5 2. exd5 Nf6 3. Nc3 Nxd5 4. Bc4 e6 5. Nf3 Nc6 6. d3 Bb4 7. Bd2 O-O 8.
O-O Nf6 9. Bg5 h6 10. Bh4 Nd4 11. Ne4 Be7 12. Bg3 Nf5 13. Qd2 Nd4 14. Nxd4 Qxd4
15. Nc3 Bd6 16. Kh1 Bxg3 17. fxg3 e5 18. Rae1 Be6 19. Bb3 c5 20. Rxf6 gxf6 21.
Re4 Qd7 22. Qxh6 Bg4 23. Qg6+ Kh8 24. Qxf6+ Kh7 25. Qh4+ Kg6 26. Rxg4+ Kf5 27.
Qg5# 1-0

[Event "ONJK 2018 DE"]
[Site "Borne, Netherlands"]
[Date "2018.08.10"]
[Round "11.8"]
[White "Shin, Hayun"]
[Black "Trunz, Michelle"]
[Result "0-1"]
[WhiteElo "918"]
[BlackElo "1312"]
[PlyCount "114"]
[EventDate "2018.??.??"]

1. e4 c5 2. Nf3 d6 3. Be2 Nf6 4. Nc3 a6 5. d3 e6 6. O-O Be7 7. Re1 O-O 8. b3
Qc7 9. Bb2 b5 10. Nb1 Bb7 11. Nbd2 Nbd7 12. Nf1 d5 13. exd5 Nxd5 14. Ne3 Bd6
15. Nxd5 exd5 16. d4 c4 17. c3 Rae8 18. Qc2 h6 19. h3 Re6 20. Bc1 Rfe8 21. Be3
Nf6 22. Bc1 Ne4 23. Bb2 cxb3 24. axb3 Rc8 25. Rac1 Bf4 26. Rb1 Nxc3 27. Bxc3
Qxc3 28. Qxc3 Rxc3 29. g3 Bb8 30. Kf1 Ba7 31. Rec1 Rec6 32. Rxc3 Rxc3 33. Ke1
Kf8 34. Kd2 Rc7 35. Kd3 Bc8 36. g4 h5 37. Nh2 hxg4 38. hxg4 Ke7 39. Bd1 b4 40.
Rb2 Rc3+ 41. Kd2 Bxd4 42. f3 Bb7 43. Rc2 Rxc2+ 44. Bxc2 a5 45. Kd3 Be5 46. Nf1
Ba6+ 47. Ke3 Bxf1 48. f4 Bc3 49. Kf3 f6 50. Kf2 Ba6 51. Kf3 Bb7 52. Kf2 d4 53.
Ke2 Ba6+ 54. Kd1 d3 55. Bb1 d2 56. Bg6 Bb7 57. Kc2 Bf3 0-1

[Event "ONJK 2018 DE"]
[Site "Borne, Netherlands"]
[Date "2018.08.10"]
[Round "11.9"]
[White "Van Leeuwen, Robin"]
[Black "De Jong, Quint"]
[Result "1/2-1/2"]
[WhiteElo "1098"]
[BlackElo "1005"]
[PlyCount "63"]
[EventDate "2018.??.??"]

1. e4 c5 2. Nf3 Nc6 3. d4 cxd4 4. Nxd4 e5 5. Nf3 Nf6 6. Nc3 Bb4 7. Bd2 Bxc3 8.
Bxc3 Nxe4 9. Nxe5 Nxc3 10. Nxc6 Nxd1 11. Nxd8 Nxb2 12. Rb1 Na4 13. Nxb7 Nc3 14.
Rb2 Bxb7 15. Rxb7 Nxa2 16. Bb5 a6 17. Bxd7+ Kd8 18. O-O Ke7 19. Re1+ Kf6 20.
Rb6+ Kg5 21. Re5+ Kf4 22. Rf5+ Ke4 23. f3+ Ke3 24. Rb3+ Kd2 25. Rc5 Nc1 26. Rb4
Rhd8 27. Bf5 g6 28. Be4 Ke3 29. h3 Rac8 30. Rxc8 Rxc8 31. Ra4 f5 32. Ra3+
1/2-1/2

[Event "ONJK 2018 DE"]
[Site "Borne, Netherlands"]
[Date "2018.08.10"]
[Round "11.10"]
[White "Kumar, Prajit Sai"]
[Black "Waersegers, Brent"]
[Result "1-0"]
[WhiteElo "845"]
[BlackElo "604"]
[PlyCount "39"]
[EventDate "2018.??.??"]

1. e4 e5 2. Nf3 Nf6 3. Nc3 Nc6 4. Bc4 Bc5 5. O-O d6 6. Be2 Be6 7. d3 h6 8. Be3
Bxe3 9. fxe3 O-O 10. d4 Ng4 11. Qd2 Na5 12. d5 Bd7 13. b4 c6 14. bxa5 Qxa5 15.
dxc6 Bxc6 16. h3 Nf6 17. Bc4 b5 18. Bd5 Bxd5 19. Nxd5 Nxd5 20. Qxa5 1-0

[Event "ONJK 2018 DE"]
[Site "Borne, Netherlands"]
[Date "2018.08.10"]
[Round "11.11"]
[White "Reina, Samson"]
[Black "Ponomarev, Ivan"]
[Result "1/2-1/2"]
[WhiteElo "773"]
[BlackElo "1056"]
[PlyCount "78"]
[EventDate "2018.??.??"]

1. d4 Nf6 2. c4 e6 3. e3 c5 4. Nf3 d5 5. Nc3 Be7 6. a3 b6 7. Be2 O-O 8. O-O Nc6
9. Qa4 Bd7 10. Qd1 Bc8 11. Qc2 Ba6 12. b3 h6 13. h3 dxc4 14. Bxc4 Bxc4 15. bxc4
Na5 16. Ne2 Rc8 17. Bd2 Nb7 18. Rfb1 Qc7 19. Rc1 Nd6 20. Ne5 Nd7 21. Nxd7 Qxd7
22. dxc5 Rxc5 23. Qa2 Rfc8 24. Bb4 Rxc4 25. Rxc4 Nxc4 26. Bxe7 Qxe7 27. Rc1 Nd6
28. Rxc8+ Nxc8 29. a4 a5 30. Nd4 Nd6 31. Qb3 Qc7 32. Nb5 Nxb5 33. axb5 Qc1+ 34.
Kh2 Qd2 35. Qc4 Qb4 36. Qc6 a4 37. Qxb6 a3 38. Qa6 a2 39. Qxa2 Qxb5 1/2-1/2

[Event "ONJK 2018 DE"]
[Site "Borne, Netherlands"]
[Date "2018.08.11"]
[Round "12.1"]
[White "Niemeijer, Léon"]
[Black "Froeyman, Hugo"]
[Result "1-0"]
[WhiteElo "1112"]
[BlackElo "1416"]
[PlyCount "65"]
[EventDate "2018.??.??"]

1. d4 c6 2. c4 d5 3. Nc3 Nf6 4. Nf3 e6 5. Bg5 Be7 6. Bxf6 Bxf6 7. e3 O-O 8. Bd3
b6 9. e4 c5 10. e5 cxd4 11. exf6 dxc3 12. fxg7 Re8 13. bxc3 Qf6 14. O-O Bb7 15.
Qc2 h6 16. cxd5 Bxd5 17. Be4 Bxe4 18. Qxe4 Nd7 19. Rad1 Nc5 20. Qd4 Qxd4 21.
Rxd4 Kxg7 22. Rfd1 Kh7 23. g4 Rg8 24. Kf1 Rae8 25. Rf4 Ref8 26. Ne5 Kg7 27. Ke1
f6 28. Nc6 Ra8 29. Rd6 Kf7 30. h4 e5 31. Rfxf6+ Kg7 32. Nxe5 Rae8 33. Rf7+ 1-0

[Event "ONJK 2018 DE"]
[Site "Borne, Netherlands"]
[Date "2018.08.11"]
[Round "12.2"]
[White "De Putter, Sven"]
[Black "Debunne, Lasse"]
[Result "1-0"]
[WhiteElo "1282"]
[BlackElo "1206"]
[PlyCount "61"]
[EventDate "2018.??.??"]

1. e4 e5 2. Nf3 Nc6 3. Bc4 Nf6 4. Ng5 d5 5. exd5 Na5 6. Bb5+ c6 7. dxc6 bxc6 8.
Qf3 Qd5 9. Qxd5 Nxd5 10. Be2 Nf4 11. Bf3 Be7 12. Ne4 f5 13. Ng3 e4 14. d3 exf3
15. Bxf4 fxg2 16. Rg1 g5 17. Be5 O-O 18. Rxg2 Bb7 19. Nc3 c5 20. Rg1 f4 21.
Nge4 Bxe4 22. Nxe4 h6 23. h4 Rf5 24. Bc3 Nc6 25. O-O-O Nd4 26. Bxd4 cxd4 27.
Rde1 Re5 28. hxg5 hxg5 29. Nxg5 Rxe1+ 30. Rxe1 Bxg5 31. Rg1 1-0

[Event "ONJK 2018 DE"]
[Site "Borne, Netherlands"]
[Date "2018.08.11"]
[Round "12.3"]
[White "Van Doren, Frodo"]
[Black "Cappan, Pjotr"]
[Result "0-1"]
[WhiteElo "876"]
[BlackElo "1422"]
[PlyCount "72"]
[EventDate "2018.??.??"]

1. e4 e5 2. Nf3 Nc6 3. Bc4 Bc5 4. b4 Bxb4 5. c3 Bc5 6. d4 exd4 7. O-O Na5 8.
cxd4 Bb6 9. Bd3 Ne7 10. Qc2 Nac6 11. Bb2 Nb4 12. Qb3 Nxd3 13. Qxd3 O-O 14. a4
c6 15. a5 Bxa5 16. d5 cxd5 17. Qd4 f6 18. exd5 d6 19. Nc3 Bb6 20. Qb4 Bc5 21.
Qc4 Bf5 22. Nd4 Rc8 23. Rfe1 Qb6 24. Rxe7 Bxd4 25. Qe2 Bxc3 26. g4 Qxb2 27.
Qxb2 Bxb2 28. Rxa7 Bd3 29. Raxb7 Be5 30. Rxg7+ Kh8 31. Rge7 Be4 32. f3 Bg6 33.
h4 Rc2 34. h5 Ra8 35. Ra7 Rxa7 36. Rxa7 Bd4+ 0-1

[Event "ONJK 2018 DE"]
[Site "Borne, Netherlands"]
[Date "2018.08.11"]
[Round "12.4"]
[White "Knol, Daniel"]
[Black "Malfliet, Alexander"]
[Result "1/2-1/2"]
[WhiteElo "1358"]
[BlackElo "1445"]
[PlyCount "43"]
[EventDate "2018.??.??"]

1. e4 c5 2. c3 Nc6 3. d4 cxd4 4. cxd4 e6 5. Nc3 d5 6. exd5 exd5 7. Nf3 Nf6 8.
Be2 Be7 9. O-O O-O 10. Bf4 Be6 11. Qd2 Qd7 12. Bb5 Rfc8 13. Rac1 Qd8 14. Rfe1
a6 15. Bxc6 Rxc6 16. Na4 Rac8 17. Rxc6 Rxc6 18. Ne5 Rc8 19. Nd3 Ne4 20. Qe2 Rc4
21. b3 Rc8 22. f3 1/2-1/2

[Event "ONJK 2018 DE"]
[Site "Borne, Netherlands"]
[Date "2018.08.11"]
[Round "12.5"]
[White "De Rooij, Kevin"]
[Black "Maris, Evi"]
[Result "1-0"]
[WhiteElo "1188"]
[BlackElo "1356"]
[PlyCount "79"]
[EventDate "2018.??.??"]

1. Nf3 d5 2. d4 Nf6 3. c4 e6 4. Nc3 c5 5. e3 Nc6 6. cxd5 exd5 7. g3 Bg4 8. Be2
cxd4 9. Nxd4 Bxe2 10. Ndxe2 Be7 11. O-O O-O 12. Nf4 d4 13. exd4 Qxd4 14. Be3
Qb4 15. Qc2 Bc5 16. a3 Qb6 17. Na4 Qa5 18. Nxc5 Nd8 19. b4 Qc7 20. Qb3 b6 21.
Ncd3 a5 22. Rac1 Qd7 23. bxa5 bxa5 24. Rfe1 Rb8 25. Qxb8 Ne6 26. Qa7 Qa4 27.
Nxe6 fxe6 28. Nf4 Qxa3 29. Nxe6 Ne8 30. Nxf8 Qxf8 31. Qc5 Qf6 32. Qd5+ Kh8 33.
Rc8 h6 34. Rxe8+ Kh7 35. Qe4+ g6 36. Qe7+ Qxe7 37. Rxe7+ Kg8 38. Ra7 a4 39. Bd4
Kf8 40. Bc5+ 1-0

[Event "ONJK 2018 DE"]
[Site "Borne, Netherlands"]
[Date "2018.08.11"]
[Round "12.6"]
[White "Groen, Jari"]
[Black "Muntean, Felix"]
[Result "1/2-1/2"]
[WhiteElo "1187"]
[BlackElo "1310"]
[PlyCount "93"]
[EventDate "2018.??.??"]

1. e4 e5 2. Nf3 d6 3. d4 exd4 4. Nxd4 g6 5. Nc3 c5 6. Nb3 Nf6 7. Bf4 a6 8. e5
dxe5 9. Qxd8+ Kxd8 10. O-O-O+ Nbd7 11. Bxe5 Ke8 12. Bc4 Nxe5 13. Rhe1 Be7 14.
Rxe5 Ng4 15. Re2 Kf8 16. h3 Nf6 17. Rde1 Bd6 18. Ne4 Nxe4 19. Rxe4 b5 20. Bd5
Rb8 21. Re8+ Kg7 22. Rxh8 Kxh8 23. Re8+ Kg7 24. Na5 Bf4+ 25. Kb1 Bd7 26. Rxb8
Bxb8 27. Nc6 Bc7 28. b4 Bxc6 29. Bxc6 cxb4 30. Bb7 Bb6 31. Bxa6 Bxf2 32. Bxb5
Be1 33. Kc1 g5 34. Kd1 Bg3 35. Ke2 Kg6 36. Bd3+ f5 37. Kf3 Bd6 38. Kf2 Bc5+ 39.
Kf3 Kf6 40. h4 g4+ 41. Kf4 Bd6+ 42. Ke3 Ke5 43. h5 h6 44. Bc4 f4+ 45. Ke2 g3
46. Kf3 Kd4 47. Bb3 1/2-1/2

[Event "ONJK 2018 DE"]
[Site "Borne, Netherlands"]
[Date "2018.08.11"]
[Round "12.7"]
[White "Ang, Rufus"]
[Black "Salomons, Matthijs"]
[Result "1-0"]
[WhiteElo "1147"]
[BlackElo "1260"]
[PlyCount "54"]
[EventDate "2018.??.??"]

1. d4 e6 2. c4 d5 3. Nc3 c5 4. Nf3 Nc6 5. Bf4 Qb6 6. cxd5 Qxb2 7. Qc1 Qxc1+ 8.
Rxc1 cxd4 9. dxc6 dxc3 10. cxb7 Bxb7 11. Be5 Ba3 12. Rb1 c2 13. Ra1 c1=Q+ 14.
Rxc1 Bxc1 15. Bxg7 Rc8 16. e3 Ba3 17. Bxh8 Rd8 18. Bb5+ Ke7 19. Bd4 Bxf3 20.
gxf3 e5 21. Bc3 f6 22. Rg1 Nh6 23. Rg7+ Ke6 24. Rxh7 Nf5 25. Ba5 Nd6 26. Bxd8
Nxb5 27. Ba5 Nd6 1-0

[Event "ONJK 2018 DE"]
[Site "Borne, Netherlands"]
[Date "2018.08.11"]
[Round "12.8"]
[White "Molanus, Florian"]
[Black "Van Egmond, Tom"]
[Result "0-1"]
[WhiteElo "1179"]
[BlackElo "1205"]
[PlyCount "76"]
[EventDate "2018.??.??"]

1. d4 c5 2. c3 Nc6 3. d5 Ne5 4. f4 Nc4 5. e4 Nb6 6. Be3 d6 7. c4 g6 8. Nc3 Bg7
9. Qb3 Nf6 10. h3 O-O 11. Nf3 Bd7 12. Bd3 Ne8 13. e5 Nc7 14. Ke2 Re8 15. Rag1
Na6 16. a3 Qc7 17. exd6 exd6 18. Kf2 Re7 19. Bd2 Rae8 20. Re1 Rxe1 21. Rxe1
Rxe1 22. Bxe1 Bh6 23. Bd2 Qd8 24. g4 Bg7 25. Kg2 Nc7 26. Qc2 Ne8 27. g5 Qc8 28.
Ng1 Bd4 29. h4 Bxg1 30. Kxg1 Bh3 31. Be2 Bg4 32. Bf1 Bf3 33. Bh3 Qxh3 34. Kf2
Qg2+ 35. Ke3 Nxc4+ 36. Kd3 Bxd5 37. b3 Qf3+ 38. Be3 Qxe3# 0-1

[Event "ONJK 2018 DE"]
[Site "Borne, Netherlands"]
[Date "2018.08.11"]
[Round "12.9"]
[White "Trunz, Michelle"]
[Black "Damen, Josephine"]
[Result "1/2-1/2"]
[WhiteElo "1312"]
[BlackElo "706"]
[PlyCount "67"]
[EventDate "2018.??.??"]

1. e4 e5 2. Nf3 Nc6 3. Bc4 Nf6 4. d3 Bc5 5. c3 O-O 6. O-O d6 7. h3 Be6 8. Bb3
Re8 9. Re1 Nd7 10. d4 Bxb3 11. axb3 Bb6 12. Qd3 Ne7 13. Nbd2 Ng6 14. Nf1 Qf6
15. Ng3 h6 16. Nh5 Qe7 17. Bd2 Ndf8 18. Re2 Nh7 19. Qc2 Nh4 20. Ng3 Qf6 21.
Nxh4 Qxh4 22. Be3 Re6 23. d5 Bxe3 24. dxe6 Bxf2+ 25. Rxf2 Qxg3 26. exf7+ Kf8
27. Rf3 Qg6 28. Raf1 d5 29. Rf5 Ng5 30. exd5 Nxh3+ 31. Kh2 Nf4 32. Qf2 Qxf5 33.
Qc5+ Kxf7 34. Qxc7+ 1/2-1/2

[Event "ONJK 2018 DE"]
[Site "Borne, Netherlands"]
[Date "2018.08.11"]
[Round "12.10"]
[White "Kumar, Prajit Sai"]
[Black "Shin, Hayun"]
[Result "1/2-1/2"]
[WhiteElo "845"]
[BlackElo "918"]
[PlyCount "131"]
[EventDate "2018.??.??"]

1. e4 e5 2. Nf3 Nc6 3. Nc3 Nf6 4. g3 Be7 5. Bg2 d6 6. O-O Bg4 7. Qe1 Bxf3 8.
Bxf3 Nd4 9. Qd1 O-O 10. d3 Qd7 11. Be3 Rfe8 12. Bxd4 exd4 13. Ne2 c5 14. c3
dxc3 15. Nxc3 Rac8 16. Re1 Qc7 17. Rc1 Nd7 18. Nd5 Qd8 19. Bg4 Rc6 20. Nxe7+
Qxe7 21. Bxd7 Qxd7 22. Qa4 Qc7 23. Rc3 h6 24. Rec1 Rc8 25. d4 Ra6 26. Qc4 Rc6
27. dxc5 dxc5 28. Rd1 Rd6 29. Rxd6 Qxd6 30. Qd3 Qc7 31. b4 b6 32. bxc5 bxc5 33.
Qd5 Qc6 34. Qxc6 Rxc6 35. Kf1 Kf8 36. Ke2 Ke7 37. Ra3 Rc7 38. Kd3 Kd6 39. f4 f6
40. Ra6+ Kd7 41. Kc4 Ke7 42. e5 fxe5 43. fxe5 Kd7 44. Rd6+ Ke7 45. Rd5 Ke6 46.
Rxc5 Rxc5+ 47. Kxc5 Kxe5 48. Kb5 Ke4 49. Ka6 Kf3 50. Kxa7 Kg2 51. a4 Kxh2 52.
a5 Kxg3 53. a6 h5 54. Kb7 h4 55. a7 h3 56. a8=Q Kh2 57. Kc6 Kg1 58. Qa1+ Kh2
59. Qxg7 Kh1 60. Qf6 Kg2 61. Qb2+ Kg1 62. Qc1+ Kg2 63. Qd2+ Kg1 64. Kd5 h2 65.
Qc1+ Kg2 66. Ke5 1/2-1/2

[Event "ONJK 2018 DE"]
[Site "Borne, Netherlands"]
[Date "2018.08.11"]
[Round "12.11"]
[White "Ponomarev, Ivan"]
[Black "Mainka, Ingmar"]
[Result "0-1"]
[WhiteElo "1056"]
[BlackElo "1190"]
[PlyCount "68"]
[EventDate "2018.??.??"]

1. e4 e5 2. Nf3 Nc6 3. d4 exd4 4. Nxd4 Bc5 5. Be3 Qf6 6. c3 Nge7 7. Bc4 O-O 8.
O-O Nxd4 9. cxd4 Bb6 10. Nc3 d6 11. d5 Bxe3 12. fxe3 Qg5 13. Qd2 Ng6 14. Rf2
Ne5 15. Bd3 Qh6 16. Be2 Bg4 17. Rf4 Bxe2 18. Qxe2 Qg6 19. Raf1 a6 20. Rc1 Rae8
21. Nd1 c6 22. dxc6 bxc6 23. Nf2 c5 24. Qxa6 Ra8 25. Qe2 Rxa2 26. Ng4 Nxg4 27.
Rxg4 Qf6 28. Rb1 Rb8 29. Rf4 Qe5 30. Rf5 Qxe4 31. Rbf1 Rbxb2 32. Qf3 Rxg2+ 33.
Kh1 Rxh2+ 34. Kg1 Rag2+ 0-1

[Event "ONJK 2018 DE"]
[Site "Borne, Netherlands"]
[Date "2018.08.11"]
[Round "12.12"]
[White "Reina, Samson"]
[Black "Van Leeuwen, Robin"]
[Result "0-1"]
[WhiteElo "773"]
[BlackElo "1098"]
[PlyCount "60"]
[EventDate "2018.??.??"]

1. d4 d5 2. c4 e6 3. Nc3 Nf6 4. Nf3 Be7 5. Bf4 O-O 6. e3 Nc6 7. c5 Bd7 8. a3
Nh5 9. g3 Nxf4 10. gxf4 f6 11. Bb5 Na5 12. Qa4 Bxb5 13. Qxb5 b6 14. b3 a6 15.
Qa4 Rb8 16. b4 Nc4 17. Qxa6 Ra8 18. Qb7 Rxa3 19. Rxa3 Nxa3 20. O-O Nc4 21. Qc6
Qc8 22. Nxd5 exd5 23. Qxd5+ Kh8 24. Qxc4 Qg4+ 25. Kh1 Qxf3+ 26. Kg1 f5 27. cxb6
Rf6 28. Ra1 cxb6 29. Ra7 Rg6+ 30. Kf1 Qd1# 0-1

[Event "ONJK 2018 DE"]
[Site "Borne, Netherlands"]
[Date "2018.08.11"]
[Round "12.13"]
[White "Mernier, Martin"]
[Black "De Jong, Quint"]
[Result "1/2-1/2"]
[WhiteElo "1267"]
[BlackElo "1005"]
[PlyCount "23"]
[EventDate "2018.??.??"]

1. e4 c5 2. Nf3 Nc6 3. d4 cxd4 4. Nxd4 e5 5. Nxc6 bxc6 6. Bc4 Nf6 7. Nc3 Bb4 8.
Bd2 Qb6 9. O-O O-O 10. Qf3 Qd4 11. Bd3 Re8 12. Rfe1 1/2-1/2

[Event "ONJK 2018 DE"]
[Site "Borne, Netherlands"]
[Date "2018.08.11"]
[Round "13.2"]
[White "Cappan, Pjotr"]
[Black "Froeyman, Hugo"]
[Result "1/2-1/2"]
[WhiteElo "1422"]
[BlackElo "1416"]
[PlyCount "69"]
[EventDate "2018.??.??"]

1. e4 c6 2. d4 d5 3. Nc3 dxe4 4. Nxe4 Bf5 5. Ng3 Bg6 6. Nf3 Nd7 7. h4 h5 8. Bd3
Bxd3 9. Qxd3 Ngf6 10. O-O e6 11. Re1 Bd6 12. Nf5 Qc7 13. Nxg7+ Kf8 14. Nxe6+
fxe6 15. Qg6 Rg8 16. Bh6+ Ke7 17. Rxe6+ Kxe6 18. Ng5+ Ke7 19. Qf7+ Kd8 20. Ne6+
Kc8 21. Nxc7 Kxc7 22. c4 Rh8 23. Bg5 Raf8 24. Qe6 Re8 25. Qf5 Ng4 26. f3 Ne3
27. Qa5+ Kb8 28. Qc3 Nf5 29. Qd3 Ref8 30. Re1 Bg3 31. Re4 Nf6 32. Re6 Re8 33.
d5 cxd5 34. cxd5 Nd7 35. Kf1 1/2-1/2

[Event "ONJK 2018 DE"]
[Site "Borne, Netherlands"]
[Date "2018.08.11"]
[Round "13.3"]
[White "Knol, Daniel"]
[Black "Niemeijer, Léon"]
[Result "1-0"]
[WhiteElo "1358"]
[BlackElo "1112"]
[PlyCount "39"]
[EventDate "2018.??.??"]

1. e4 c5 2. c3 e5 3. Nf3 d6 4. Bc4 Bg4 5. h3 Bh5 6. d3 Nf6 7. Be3 g6 8. g4 Nxg4
9. hxg4 Bxg4 10. Nbd2 Bg7 11. Qb3 Bxf3 12. Bxf7+ Kf8 13. Nxf3 Qf6 14. Ng5 Nd7
15. Rxh7 Bh6 16. Rxh8+ Qxh8 17. Bxg6 Qg7 18. Ne6+ Ke7 19. Nxg7 Bxg7 20. Qf7+
1-0

[Event "ONJK 2018 DE"]
[Site "Borne, Netherlands"]
[Date "2018.08.11"]
[Round "13.4"]
[White "Ang, Rufus"]
[Black "Van Doren, Frodo"]
[Result "0-1"]
[WhiteElo "1147"]
[BlackElo "876"]
[PlyCount "64"]
[EventDate "2018.??.??"]

1. d4 d5 2. c4 dxc4 3. e4 e5 4. d5 Nf6 5. Bg5 Bc5 6. Nc3 Bxf2+ 7. Kxf2 h6 8.
Bxf6 Qxf6+ 9. Ke1 Qb6 10. Qd2 O-O 11. Bxc4 Kh8 12. Nf3 f5 13. exf5 Rxf5 14. Kd1
Rf4 15. Bd3 Bh3 16. Nxe5 Rf2 17. Be2 Bxg2 18. Rg1 Bf3 19. Nxf3 Rxf3 20. Kc2 Rf2
21. Raf1 Na6 22. Rxf2 Nb4+ 23. Kb1 Qxf2 24. Qe1 Qf5+ 25. Ka1 Nc2+ 26. Kb1 Na3+
27. Ka1 Nc2+ 28. Kb1 Nxe1+ 29. Ka1 Nc2+ 30. Kb1 Na3+ 31. Ka1 Qb1+ 32. Rxb1 Nc2#
0-1

[Event "ONJK 2018 DE"]
[Site "Borne, Netherlands"]
[Date "2018.08.11"]
[Round "13.5"]
[White "Malfliet, Alexander"]
[Black "De Rooij, Kevin"]
[Result "1-0"]
[WhiteElo "1445"]
[BlackElo "1188"]
[PlyCount "165"]
[EventDate "2018.??.??"]

1. e4 c5 2. Nf3 e6 3. d4 cxd4 4. Nxd4 Nc6 5. Nc3 Qc7 6. Be3 Nf6 7. Qd2 Bb4 8.
f3 d5 9. Nxc6 bxc6 10. a3 Bxc3 11. Qxc3 dxe4 12. fxe4 O-O 13. e5 Nd5 14. Qd4
Rb8 15. b4 Qb6 16. Qxb6 axb6 17. Bd2 b5 18. Bd3 f6 19. O-O Bd7 20. exf6 Rxf6
21. Rxf6 Nxf6 22. Bf4 Rf8 23. Bd6 Ra8 24. g3 Nd5 25. Kg2 Ne3+ 26. Kg1 Be8 27.
Bc5 Nd5 28. c4 bxc4 29. Bxc4 Bg6 30. Re1 Bf5 31. Rf1 g6 32. Rf3 h5 33. b5 cxb5
34. Bxb5 Ra5 35. a4 Kh7 36. Kf2 Bg4 37. Rd3 Bf5 38. Rf3 Bc2 39. Ra3 Nc7 40. Ra2
Bf5 41. Bb6 Rxb5 42. axb5 Nxb5 43. h4 Nc3 44. Ra7+ Kg8 45. Bd4 Ne4+ 46. Kg2 Kf8
47. Ra8+ Ke7 48. Ra7+ Kd6 49. Ra5 Nd2 50. Be5+ Kc6 51. Bf4 Ne4 52. Kf3 Kb6 53.
Re5 Nc3 54. Re1 Bg4+ 55. Ke3 Nd5+ 56. Kd4 Nxf4 57. gxf4 Kc6 58. Ke5 Kd7 59. Kf6
Bf5 60. Rg1 Ke8 61. Rg5 Kf8 62. Rxf5 exf5 63. Kxg6 Kg8 64. Kxf5 Kg7 65. Kg5 Kf7
66. Kxh5 Kf6 67. Kg4 Kg6 68. h5+ Kg7 69. Kg5 Kh7 70. h6 Kh8 71. Kg6 Kg8 72. f5
Kh8 73. f6 Kg8 74. f7+ Kf8 75. h7 Ke7 76. h8=Q Ke6 77. f8=R Ke7 78. Rf7+ Ke6
79. Qe8+ Kd6 80. Rd7+ Kc6 81. Qc8+ Kb6 82. Rb7+ Ka6 83. Qa8# 1-0

[Event "ONJK 2018 DE"]
[Site "Borne, Netherlands"]
[Date "2018.08.11"]
[Round "13.6"]
[White "Coffeng, Jay"]
[Black "Debunne, Lasse"]
[Result "1/2-1/2"]
[WhiteElo "1016"]
[BlackElo "1206"]
[PlyCount "58"]
[EventDate "2018.??.??"]

1. e4 e5 2. Nc3 Nf6 3. Bc4 Nc6 4. d3 Bb4 5. Bd2 Bxc3 6. Bxc3 d5 7. Bb3 dxe4 8.
dxe4 Qxd1+ 9. Rxd1 Nxe4 10. Nf3 Nxc3 11. bxc3 Bg4 12. h3 Bh5 13. g4 Bg6 14. Ng5
h6 15. Nxf7 Bxf7 16. Bxf7+ Kxf7 17. Rd7+ Ke6 18. Rxc7 b6 19. Rxc6+ Kd5 20. Rc7
Rhg8 21. Kd2 g6 22. f3 Rgf8 23. c4+ Kd6 24. Rg7 Rf6 25. Re1 a6 26. Rd1 Kc5 27.
Rc7+ Kd6 28. Rh7 Kc5 29. Rc7+ Kd6 1/2-1/2